| 000 | 01117nam a2200349 a 4500 | ||
|---|---|---|---|
| 001 | 25782 | ||
| 003 | CO-ViMGA | ||
| 008 | 141112s2004 ck r 000 u spa d | ||
| 020 | _a9789588654782 | ||
| 040 |
_aCO-ViMGA _bspa _cCO-ViMGA |
||
| 041 | _aSPA | ||
| 090 | _aT WIL1 | ||
| 100 | 1 |
_aWilde, Oscar, 1854 - 1900 _92449 |
|
| 245 | 1 | 0 |
_aSalomé / _cOscar Wilde ; ilustraciones Aubrey Beardsley ; traducción Rafael Cansinos Assens |
| 250 | _a1a ed. | ||
| 260 |
_aBogotá : _bLibros del Zorro Rojo, _c2011 |
||
| 300 | _a82 p. : il. byn. | ||
| 490 | _aIllustrata | ||
| 500 | _aTítulo original : Salomé | ||
| 650 | 1 | 4 |
_aAUTORES IRLANDESES _9792 |
| 650 | 1 | 4 |
_aILUSTRADORES INGLESES _939879 |
| 650 | 1 | 4 |
_aILUSTRADORES INGLESES _939879 |
| 650 | 1 | 4 |
_aILUSTRADORES INGLESES _939879 |
| 650 | 1 | 4 |
_aILUSTRADORES INGLESES _939879 |
| 650 | 1 | 4 |
_aPODER - TEATRO _939880 |
| 650 | 1 | 4 |
_aTEATRO IRLANDES _939881 |
| 650 | 1 | 4 |
_aTRAGEDIAS DE AMOR - TEATRO _939882 |
| 650 | 1 | 4 |
_aTRAICION - TEATRO _939883 |
| 700 | 1 |
_aBeardsley, Aubrey Vincent _939884 |
|
| 700 | 1 |
_aCansinos Assens, Rafael _939885 |
|
| 942 |
_2ddc _cBK |
||
| 999 |
_c5348 _d5348 |
||